[Event "Laoag City op"]
[Site "Laoag City"]
[Date "2023.12.23"]
[Round "9"]
[White "Nolte, Rolando"]
[Black "Gatus, Edmundo"]
[Result "1-0"]
[WhiteElo "2319"]
[BlackElo "2066"]
[PlyCount "47"]
[EventDate "2023.12.19"]
[EventType "swiss"]
[EventRounds "9"]
[EventCountry "PHI"]
[SourceTitle "CBM 219 Extra"]
[Source "ChessBase"]
[SourceDate "2024.05.31"]
[SourceVersion "1"]
[SourceVersionDate "2024.05.31"]
[SourceQuality "1"]

1. e4 d6 2. d4 Nf6 3. Nc3 g6 4. f4 Bg7 5. Nf3 0-0 6. Bd3 c6 7. Be3 b5 8. e5 Ng4 9. Bg1 d5 10. h3 Nh6 11. g4 f5 12. g5 Nf7 13. h4 Nh8 14. Ne2 Be6 15. Ng3 Kf7 16. h5 Rg8 17. Be3 Ke8 18. Kf2 Bf7 19. Nxf5 gxf5 20. Bxf5 e6 21. Bxh7 Rf8 22. h6 Bxh6 23. Rxh6 Kd7 24. g6 1-0

[Event "Laoag City op"]
[Site "Laoag City"]
[Date "2023.12.20"]
[Round "3"]
[White "Chavez, Antonio Jr"]
[Black "Nolte, Rolando"]
[Result "0-1"]
[WhiteElo "1824"]
[BlackElo "2319"]
[PlyCount "76"]
[EventDate "2023.12.19"]
[EventType "swiss"]
[EventRounds "9"]
[EventCountry "PHI"]
[SourceTitle "CBM 219 Extra"]
[Source "ChessBase"]
[SourceDate "2024.05.31"]
[SourceVersion "1"]
[SourceVersionDate "2024.05.31"]
[SourceQuality "1"]

1. e4 c5 2. c3 Nf6 3. e5 Nd5 4. d4 cxd4 5. cxd4 e6 6. Nf3 b6 7. Nc3 Nxc3 8. bxc3 Qc7 9. Bd2 Bb7 10. Bb5 a6 11. Ba4 b5 12. Bb3 Nc6 13. 0-0 Na5 14. Bc2 Nc4 15. Ng5 Be7 16. Bf4 Na3 17. Be4 h6 18. Qh5 Bxg5 19. Bxb7 Qxb7 20. Bxg5 Qe4 21. Qh3 Rc8 22. Rad1 Nc4 23. g4 Nb6 24. f4 Nd5 25. Rd3 b4 26. cxb4 Rc2 27. f5 Rg2+ 28. Qxg2 Qxd3 29. fxe6 Qxd4+ 30. Kh1 dxe6 31. Bc1 0-0 32. g5 h5 33. Qe2 g6 34. a3 Rc8 35. Bb2 Qb6 36. Qe4 Rc7 37. Bd4 Qc6 38. Bc5 Qd7 0-1

[Event "Penang op-A 14th"]
[Site "Penang"]
[Date "2022.12.24"]
[Round "9"]
[White "Nolte, Rolando"]
[Black "Makarov, Nikolay Val"]
[Result "0-1"]
[WhiteElo "2387"]
[BlackElo "2204"]
[PlyCount "118"]
[EventDate "2022.12.19"]
[EventType "swiss"]
[EventRounds "9"]
[EventCountry "MAS"]
[SourceTitle "CBM 211 Extra"]
[Source "ChessBase"]
[SourceDate "2023.01.31"]
[SourceVersion "1"]
[SourceVersionDate "2023.01.31"]
[SourceQuality "1"]

1. e4 c5 2. Nc3 Nc6 3. Nf3 g6 4. d4 cxd4 5. Nxd4 Bg7 6. Be3 d6 7. Qd2 Nf6 8. f3 0-0 9. 0-0-0 d5 10. exd5 Nxd5 11. Nxc6 bxc6 12. Bd4 Bxd4 13. Qxd4 Qb6 14. Na4 Qc7 15. Bc4 Nb6 16. Nc5 Bf5 17. Bb3 Rad8 18. Qe3 Nd5 19. Bxd5 cxd5 20. g4 d4 21. Qa3 Rd5 22. gxf5 Rxc5 23. Qd3 Rxf5 24. Qxd4 Rxf3 25. Rd2 Rf6 26. Re1 Rc8 27. c3 Rf5 28. a3 e6 29. Qd7 h5 30. Red1 g5 31. Qa4 a5 32. Kb1 Kg7 33. Ka1 Qc4 34. Qd7 Rcc5 35. Qe7 Rcd5 36. Rxd5 Rxd5 37. Rxd5 Qxd5 38. c4 Qd2 39. Qc7 Qc2 40. Qxa5 Qc1+ 41. Ka2 Qxc4+ 42. Ka1 Kg6 43. a4 g4 44. Qa8 e5 45. a5 e4 46. a6 e3 47. a7 e2 48. Qg8+ Kf5 49. Qh7+ Kg5 50. Qg7+ Kh4 51. Qf6+ Kh3 52. Qe5 Qa6+ 53. Kb1 h4 54. a8Q Qxa8 55. Qxe2 Qf3 56. Qe7 f5 57. Qd6 f4 58. Qb4 Kxh2 59. Qd2+ Kh3 0-1

[Event "Penang op-A 14th"]
[Site "Penang"]
[Date "2022.12.23"]
[Round "8"]
[White "Dinh, Nho Kiet"]
[Black "Nolte, Rolando"]
[Result "1/2-1/2"]
[WhiteElo "2041"]
[BlackElo "2387"]
[PlyCount "51"]
[EventDate "2022.12.19"]
[EventType "swiss"]
[EventRounds "9"]
[EventCountry "MAS"]
[SourceTitle "CBM 211 Extra"]
[Source "ChessBase"]
[SourceDate "2023.01.31"]
[SourceVersion "1"]
[SourceVersionDate "2023.01.31"]
[SourceQuality "1"]

1. d4 Nf6 2. c4 g6 3. Nc3 Bg7 4. e4 d6 5. Be2 0-0 6. Be3 c5 7. dxc5 Qa5 8. f3 dxc5 9. e5 Rd8 10. Qa4 Qxa4 11. Nxa4 Nfd7 12. f4 Bh6 13. g4 Nc6 14. g5 Bg7 15. Nxc5 Nxc5 16. Bxc5 Be6 17. Rc1 Rac8 18. Be3 f6 19. exf6 exf6 20. Nf3 f5 21. b3 a5 22. Kf2 a4 23. bxa4 Ra8 24. Rhd1 Rxa4 25. Rxd8+ Nxd8 26. Bd4 1/2-1/2

[Event "Manny Pacquiao op"]
[Site "General Santos City"]
[Date "2022.12.13"]
[Round "2"]
[White "Nebato, Sheider"]
[Black "Nolte, Rolando"]
[Result "1/2-1/2"]
[WhiteElo "2224"]
[BlackElo "2387"]
[PlyCount "63"]
[EventDate "2022.12.13"]
[EventType "swiss"]
[EventRounds "9"]
[EventCountry "PHI"]
[SourceTitle "EXT 2024"]
[Source "ChessBase"]
[SourceDate "2023.10.10"]
[SourceVersion "1"]
[SourceVersionDate "2023.10.10"]
[SourceQuality "1"]

1. d4 Nf6 2. c4 g6 3. Nc3 Bg7 4. e4 d6 5. f3 0-0 6. Be3 e5 7. d5 Nh5 8. Qd2 f5 9. Nge2 Nd7 10. h3 f4 11. Bf2 a6 12. 0-0-0 Qe7 13. b4 a5 14. a3 axb4 15. axb4 Nb6 16. Bxb6 cxb6 17. Kb2 Bd7 18. Rg1 Rfc8 19. Nc1 Ng3 20. Bd3 b5 21. cxb5 Nf5 22. Nb3 Ne3 23. Na5 Nxd1+ 24. Rxd1 b6 25. Nc6 Qh4 26. Kb3 Rc7 27. Na4 Rb7 28. Qe1 Bf6 29. Qxh4 Bxh4 30. Nb2 Kf7 31. Nc4 Be7 32. Kb2 1/2-1/2

[Event "Penang op 8th"]
[Site "Penang"]
[Date "2016.12.08"]
[Round "6"]
[White "Nolte, Rolando"]
[Black "Pitra, Andika"]
[Result "0-1"]
[WhiteElo "2419"]
[BlackElo "2308"]
[PlyCount "82"]
[EventDate "2016.12.05"]
[EventType "swiss"]
[EventRounds "9"]
[EventCountry "MAS"]
[SourceTitle "CBM 176 Extra"]
[Source "ChessBase"]
[SourceDate "2017.03.02"]
[SourceVersion "1"]
[SourceVersionDate "2017.03.02"]
[SourceQuality "1"]

1. e4 c5 2. Nf3 d6 3. d4 cxd4 4. Nxd4 Nf6 5. Nc3 Nc6 6. Bg5 e6 7. Qd2 a6 8. 0-0-0 Bd7 9. f4 b5 10. Bxf6 gxf6 11. Kb1 Qb6 12. Nxc6 Bxc6 13. Qe1 Be7 14. Bd3 Qc5 15. f5 a5 16. fxe6 fxe6 17. Ne2 b4 18. Nf4 Qe5 19. Rf1 Rc8 20. Qh4 a4 21. Ba6 Rc7 22. Rde1 b3 23. cxb3 axb3 24. axb3 Bxe4+ 25. Nd3 f5 26. Qh5+ Kd7 27. Rxe4 Qxe4 28. Re1 Qd5 29. Qe2 Qxb3 30. Nc1 Qd5 31. Qb5+ Qxb5 32. Bxb5+ Kd8 33. Rxe6 Rc5 34. Bd3 Rg8 35. Re2 Bf6 36. Nb3 Re5 37. Rf2 Re1+ 38. Kc2 f4 39. Bxh7 Rh8 40. Rxf4 Ke7 41. Be4 Rxh2 0-1

[Event "Penang op 8th"]
[Site "Penang"]
[Date "2016.12.07"]
[Round "4"]
[White "Dang, Hoang Son"]
[Black "Nolte, Rolando"]
[Result "1-0"]
[WhiteElo "2350"]
[BlackElo "2419"]
[PlyCount "74"]
[EventDate "2016.12.05"]
[EventType "swiss"]
[EventRounds "9"]
[EventCountry "MAS"]
[SourceTitle "CBM 176 Extra"]
[Source "ChessBase"]
[SourceDate "2017.03.02"]
[SourceVersion "1"]
[SourceVersionDate "2017.03.02"]
[SourceQuality "1"]

1. d4 Nf6 2. c4 d6 3. Nf3 g6 4. g3 Bg7 5. Bg2 0-0 6. 0-0 Nbd7 7. Nc3 e5 8. e4 c6 9. h3 Qb6 10. c5 dxc5 11. dxe5 Ne8 12. e6 fxe6 13. Ng5 Ne5 14. f4 Nf7 15. Nxf7 Bd4+ 16. Kh2 Rxf7 17. e5 Bd7 18. Ne4 Rd8 19. Qc2 Bc8 20. Ng5 Rg7 21. a4 Qc7 22. Bd2 Qe7 23. Rad1 Nc7 24. h4 Nd5 25. Rfe1 b6 26. Bh3 a5 27. Qb3 Kh8 28. Ne4 Ba6 29. Nd6 Rgg8 30. Re4 h6 31. Bc3 c4 32. Qa3 Bxc3 33. bxc3 g5 34. fxg5 hxg5 35. Kg1 Rdf8 36. Rxd5 cxd5 37. Rg4 d4 1-0

[Event "Olongapo City Puregold op"]
[Site "Olongapo City"]
[Date "2015.11.19"]
[Round "6"]
[White "Nolte, Rolando"]
[Black "Shomoev, Anton"]
[Result "0-1"]
[WhiteElo "2417"]
[BlackElo "2565"]
[PlyCount "102"]
[EventDate "2015.11.16"]
[EventType "game"]
[EventRounds "10"]
[EventCountry "PHI"]
[SourceTitle "CBM 169 Extra"]
[Source "ChessBase"]
[SourceDate "2015.12.18"]
[SourceVersion "1"]
[SourceVersionDate "2015.12.18"]
[SourceQuality "1"]

1. e4 e5 2. Nf3 Nc6 3. Bb5 Bc5 4. c3 Nf6 5. d3 0-0 6. 0-0 d6 7. Nbd2 a6 8. Ba4 Ba7 9. Bc2 h6 10. Nc4 Be6 11. Qe2 b5 12. Ne3 Re8 13. Rd1 d5 14. Bd2 Qd6 15. Nh4 Ne7 16. Qf3 Rad8 17. Be1 Bxe3 18. Qxe3 c5 19. Qe2 d4 20. cxd4 cxd4 21. Bb3 g5 22. Bxe6 Qxe6 23. Nf3 Ng6 24. g3 Rc8 25. Bb4 Rc6 26. Ne1 Rec8 27. b3 Kh7 28. Bd2 Qd6 29. Rdc1 Qa3 30. Qd1 Kg7 31. Rxc6 Rxc6 32. Nc2 Qe7 33. Nb4 Rd6 34. Rc1 Qd7 35. Nc2 Ng4 36. Qe2 Qe6 37. Ba5 Rc6 38. Rd1 Nf6 39. Nb4 Rc5 40. Bd8 Nh7 41. Nd5 g4 42. Kg2 Rxd5 43. exd5 Qxd5+ 44. Kg1 Qxd8 45. Qxg4 Qd5 46. h4 Nf6 47. Qf5 Ne7 48. Qh3 Qf3 49. Re1 Ng4 50. Qg2 Qxd3 51. Qb7 Nf5 0-1

[Event "Olongapo City Puregold op"]
[Site "Olongapo City"]
[Date "2015.11.17"]
[Round "3"]
[White "Demchenko, Anton"]
[Black "Nolte, Rolando"]
[Result "1-0"]
[WhiteElo "2592"]
[BlackElo "2417"]
[PlyCount "153"]
[EventDate "2015.11.16"]
[EventType "game"]
[EventRounds "10"]
[EventCountry "PHI"]
[SourceTitle "CBM 169 Extra"]
[Source "ChessBase"]
[SourceDate "2015.12.18"]
[SourceVersion "1"]
[SourceVersionDate "2015.12.18"]
[SourceQuality "1"]

1. e4 c5 2. Nf3 d6 3. d4 cxd4 4. Nxd4 Nf6 5. Nc3 a6 6. h3 e5 7. Nde2 h5 8. g3 Nbd7 9. a4 Be7 10. Bg2 h4 11. g4 Nc5 12. 0-0 Bd7 13. b4 Ne6 14. a5 0-0 15. Be3 Rc8 16. Bb6 Qe8 17. Qd3 Bc6 18. Rac1 Nd7 19. Be3 g5 20. Nd5 Nf4 21. Nexf4 exf4 22. Bd4 Bd8 23. e5 dxe5 24. Rfe1 Qe6 25. c4 Bf6 26. Bb2 Bg7 27. Be4 Rfd8 28. Qe2 Qd6 29. Rcd1 Qf8 30. b5 Bxd5 31. Rxd5 Nc5 32. Ba3 Rxd5 33. Bxd5 Qe7 34. Rb1 e4 35. bxa6 bxa6 36. Bxc5 Rxc5 37. Rb8+ Bf8 38. Rb7 Rc7 39. Rxc7 Qxc7 40. Qxe4 Kg7 41. Qf5 Qe7 42. Be4 Qc5 43. Qh7+ Kf6 44. Bd5 Qc7 45. Kg2 Qd7 46. Qh8+ Bg7 47. Qb8 Ke7 48. Qb4+ Qd6 49. Qb7+ Qd7 50. Qxa6 Bd4 51. Qh6 f6 52. Qh7+ Kd6 53. Qe4 Qa7 54. Qe6+ Kc5 55. a6 Kb4 56. Qe1+ Kc5 57. Qa5+ Kd6 58. Qd8+ Kc5 59. Qf8+ Kb6 60. Qb4+ Kc7 61. Qe7+ Kb6 62. c5+ Bxc5 63. Qxf6+ Ka5 64. Qxg5 Qd7 65. Qe5 Kxa6 66. Bc4+ Kb6 67. Qxf4 Qc6+ 68. Qf3 Qxf3+ 69. Kxf3 Kc6 70. Ke2 Bd6 71. Kd3 Kd7 72. Ke4 Ke7 73. g5 Kf8 74. Kf5 Bc5 75. f4 Be3 76. Kg4 Kg7 77. f5 1-0

[Event "Olongapo City Puregold op"]
[Site "Olongapo City"]
[Date "2015.11.17"]
[Round "2"]
[White "Nolte, Rolando"]
[Black "Fronda Pascua, Jan Jodilyn"]
[Result "1-0"]
[WhiteElo "2417"]
[BlackElo "2129"]
[PlyCount "113"]
[EventDate "2015.11.16"]
[EventType "game"]
[EventRounds "10"]
[EventCountry "PHI"]
[SourceTitle "CBM 169 Extra"]
[Source "ChessBase"]
[SourceDate "2015.12.18"]
[SourceVersion "1"]
[SourceVersionDate "2015.12.18"]
[SourceQuality "1"]

1. e4 e5 2. Nf3 Nc6 3. Bb5 g6 4. c3 Bg7 5. 0-0 a6 6. Ba4 d6 7. d4 Bd7 8. Re1 Nf6 9. d5 Ne7 10. c4 0-0 11. Nc3 Nh5 12. Bd2 h6 13. Rc1 Nf4 14. Bxf4 exf4 15. Bxd7 Qxd7 16. e5 dxe5 17. Nxe5 Qf5 18. Nd3 Rae8 19. Re4 f3 20. Qxf3 Qxf3 21. gxf3 Nf5 22. Rce1 Rd8 23. Nc5 Bd4 24. Nb3 Bf6 25. R4e2 Nh4 26. Re3 Bg5 27. Rd3 Rfe8 28. Rxe8+ Rxe8 29. Kf1 Bf6 30. Nc5 Nf5 31. b3 Nd6 32. N3e4 Nxe4 33. fxe4 b6 34. Nxa6 Be5 35. h3 Ra8 36. Nb4 f6 37. a4 Bd6 38. Nc6 Kf7 39. Kg2 Re8 40. Kf3 Ra8 41. Rd2 h5 42. Ra2 g5 43. b4 Rg8 44. a5 g4+ 45. Kg2 bxa5 46. bxa5 gxh3+ 47. Kxh3 Kg6 48. a6 Kg5 49. a7 Ra8 50. Ra3 Kf4 51. c5 Be5 52. Nxe5 Kxe5 53. Ra4 Kf4 54. d6 cxd6 55. cxd6 Kf3 56. d7 Kxf2 57. Ra3 1-0

[Event "Olongapo City Puregold op"]
[Site "Olongapo City"]
[Date "2015.11.16"]
[Round "1"]
[White "Smirnov, Pavel"]
[Black "Nolte, Rolando"]
[Result "1-0"]
[WhiteElo "2617"]
[BlackElo "2417"]
[PlyCount "69"]
[EventDate "2015.11.16"]
[EventType "game"]
[EventRounds "10"]
[EventCountry "PHI"]
[SourceTitle "CBM 169 Extra"]
[Source "ChessBase"]
[SourceDate "2015.12.18"]
[SourceVersion "1"]
[SourceVersionDate "2015.12.18"]
[SourceQuality "1"]

1. d4 Nf6 2. c4 e6 3. g3 c5 4. Nf3 cxd4 5. Nxd4 d5 6. Bg2 e5 7. Nb3 d4 8. 0-0 Nc6 9. f4 Be7 10. Bxc6+ bxc6 11. fxe5 Ng4 12. Qxd4 0-0 13. N1d2 a5 14. Nf3 a4 15. Qxd8 Rxd8 16. Nbd4 Bc5 17. e3 Re8 18. Bd2 Bd7 19. b4 Bb6 20. c5 Bc7 21. b5 cxb5 22. c6 Be6 23. Nxb5 Bb6 24. Nd6 Red8 25. Rab1 Bc7 26. Rb7 Bxd6 27. exd6 Rxd6 28. c7 Rc8 29. Nd4 Ne5 30. Bb4 Ra6 31. Nxe6 Rxe6 32. Rb8 Ree8 33. Rxc8 Rxc8 34. Rd1 Nc6 35. Ba5 1-0